Publikácie-modul pre informačný systém ÚIAM

Na minha lista:
Detalhes bibliográficos
Autor principal: Kuzma, Jaroslav
Formato: Software Livro
Idioma:eslovaco
Publicado em: Bratislava STU FCHPT 2010
Acesso em linha:View in OPAC
Tags: Adicionar Tag
Sem tags, seja o primeiro a adicionar uma tag!

MARC

LEADER 00000nam a2200000 a 4500
005 20260127134208.0
007 co ugu
008 100729 2010 xo 000 0 slo d
035 |a vtls010119275 
039 9 |y 201007290847  |z mschk03 
040 |a STUSCHK1  |b slo  |c STUSCHK1  |e AACR2 
100 1 |a Kuzma, Jaroslav 
245 1 |a Publikácie-modul pre informačný systém ÚIAM  |c Jaroslav Kuzma 
260 |a Bratislava  |b STU FCHPT  |c 2010 
300 |a 1 elektronický disk 
500 |a Obháj.: 8.6. 2010 
500 |a Študijný program: automatizácia a informatizácia v chémii a potravinárstve 
500 |a Študijný odbor: 5.2.14 automatizácia 
500 |a Miesto vypracovania: Oddelenie informatizácie a riadenia procesov, FCHPT 
500 |a Evidenčné číslo: FCHPT-5414-25167 
500 |a diplomová práca na CD-ROMe 
910 |a SCHK95 
999 |c 6398  |d 6398